00493 2200181 4500001002100000005001500021035002000036007000300056008004100059020002200100082001100122084001700133100001800150245006100168260003100229300003500260700001600295INLIS00000000000034220260121085450 a0010-0126000035ta260121 0 ind  a978-623-180-832-5 a657.04 a657.04 SUC k0 aSuciono, bimo1 aKomputer Akuntansi pada Perusahaan Dagang dengan MYOB XI aJakarta :bErlangga,c2024 aix + 254 hlm. ;c17,5 x 25 cm.0 aZatra, beni